|
|
|
|
| LEADER |
01263nab#a2200325#ar4500 |
| 001 |
000079929 |
| 003 |
SVKKK |
| 005 |
20050804xxxxxxx. |
| 008 |
06 c xo huno |
| FMT |
|
|
|
| 038 |
|
|
|a SVKKK
|
| 040 |
|
|
|a SVKKK
|b slo
|e AACR2
|
| 041 |
0 |
|
|a hun
|
| 044 |
|
|
|a xo
|c SK
|
| 080 |
|
|
|a 284.1(Abov):257
|
| 242 |
1 |
0 |
|a Záležitosť evanjelickej ľudovej školy
|
| 245 |
0 |
0 |
|a Az evangelikus elemi iskola ügye
|
| 500 |
|
|
|a Ex/M 74
|
| 520 |
2 |
|
|a Referát z konventu evanjelického a.v. cirkevného zboru v Košiciach 10. mája 1909. Konvent požiadal Dr. Olivera Eöttevényi-Nagy-a, aby napísal žiadosť na ministerstvo školstva o udelenie štátnej podpory pre mešziansku školu. Ak túto podporu dostanú rozvinie sa meštianska škola bez ľudovej - ak ju nedostanú cirkevný zbor si ponechá obe školy.
|
| 650 |
0 |
4 |
|a Eöttevényi-Nagy, Oliver (právnik) - Košice
|
| 650 |
0 |
4 |
|a konventy - evanjelický a.v. cirkevný zbor, Košice - školstvo ľudové (téma) - Košice - 10.05.1909 - referáty
|
| 773 |
0 |
|
|t Felsőmagyarország : Kassai Napló
|g Roč. 25, č. 108 (11.05.1909) s. 4
|
| 957 |
|
|
|a Košice
|
| 958 |
|
|
|a CI
|
| 958 |
|
|
|a DG
|
| 958 |
|
|
|a SK
|
| 974 |
|
|
|a Ba
|d 20050804
|
| 992 |
|
|
|a RBX
|
| BAS |
|
|
|
| 998 |
|
|
|a RETRO
|